00990nam a22002177a 450000100060000000300080000600500170001400800410003103500190007204000350009104100080012608200290013410000260016324501770018926001210036630000380048750201260052550400340065165000530068570000340073882355BD-RjUL20240116120240.0231127s2018 bg a|||| m||| 00| 0 eng d a(BD-RjUL)82355 aBD-RjULbengcBD-RjULdBD-RjUL aeng 223a658.095492bHOS 2018 aHossain, Md. Alauddin10aShallow tubewell irrigation system in Bangladesh :bPerspective structure, management and performance /cSubmitted By Md. Alauddin Hossain ;6Supervisor : Md. Toufiq Iqbal. aRajshahi :bDepartment of Agronomy and Agricultural Extension Faculty of Agriculture, University of Rajshahi,c2018. axvi, 165 leaves :bill, ;c29.cm. aThesis (Ph. D.) -- Department of Agronomy and Agricultural Extension Faculty of Agriculture, University of Rajshahi, 2018 aReferences : Leaves 124 - 132 aGeneral ManagementvShallow tubewellzBangladesh aIqbal Md. Toufiq, Supervisor